| 000 | 00767nam a22001937i 4500 | ||
|---|---|---|---|
| 999 |
_c22978 _d22978 |
||
| 003 | AR-CdUCM | ||
| 008 | 240812b20212021 pe||||| |||| 00| 0 spa d | ||
| 040 |
_aMUNICIPALIDAD PROVINCIAL DEL CUSCO _cBIBLIOTECA MUNICIPAL DEL CUSCO |
||
| 082 |
_aEP / 803 / E76A _bE76A |
||
| 100 |
_a Escalante Salazar, Raúl. _950167 |
||
| 245 |
_aMago Azul : _bCuentos fantásticos para niños y no tan niños / |
||
| 260 |
_aCusco : _bChamo Editores, _c2021. |
||
| 300 |
_a77 páginas. : _bIlustraciones a color, _c20 cm. |
||
| 505 | _aEl tapado y la Potota -- Candela sirena -- Mago azul -- La novia fantasma -- Marimachu recargada | ||
| 650 |
_aCuentos infantiles _950169 |
||
| 700 |
_aRodríguez, Jhon David [Ilustrador] _950170 |
||
| 942 |
_2ddc _cLIBROS |
||
| 945 |
_apbj _d2024-08-12 |
||